[Event "Liege Soultanbeieff op"]
[Site "Liege"]
[Date "2012.01.27"]
[Round "1"]
[White "Dasse, Armand"]
[Black "Magis, Pierre"]
[Result "0-1"]
[WhiteElo "1252"]
[BlackElo "1722"]
[PlyCount "102"]
[EventDate "2012.01.27"]
[EventType "swiss"]
[EventRounds "9"]
[EventCountry "BEL"]
[SourceTitle "EXT 2013"]
[Source "ChessBase"]
[SourceDate "2012.11.22"]
[SourceVersion "1"]
[SourceVersionDate "2012.11.22"]
[SourceQuality "1"]

1. e4 c5 2. Nc3 d6 3. Bc4 e6 4. Nf3 Nf6 5. h3 Be7 6. d3 a6 7. a4 Qc7 8. Bf4 Nbd7 9. a5 b6 10. axb6 Nxb6 11. Bb3 Bb7 12. 0-0 0-0 13. Qe2 Rac8 14. Na4 Nbd7 15. c4 Nb6 16. Nc3 Qd8 17. Bd2 d5 18. cxd5 exd5 19. exd5 Nbxd5 20. Nxd5 Re8 21. Ba5 Qd6 22. Nxe7+ Rxe7 23. Qd1 Rce8 24. Ba4 Bc6 25. Bxc6 Qxc6 26. Bc3 Nd5 27. Bd2 Qb6 28. Qc2 Re2 29. Ra5 Qxa5 30. Bxa5 Rxc2 31. d4 cxd4 32. Nxd4 Rxb2 33. Rc1 Ra2 34. Nc6 h6 35. Rd1 Nf4 36. Bb4 Ng6 37. g3 Rc2 38. Na5 Ne5 39. Kg2 Nc4 40. Nxc4 Rxc4 41. Ba5 Ra4 42. Bb6 Ra2 43. Rd5 Ra8 44. Ba5 Rb2 45. Rd4 Ra2 46. Rd5 Rb8 47. Bc7 Rb5 48. Rd8+ Kh7 49. h4 Rbb2 50. Kh3 Rxf2 51. Kg4 f5+ 0-1